Sports Quiz

Random Sports Quiz

Winners of Formula 1 races held in Britain Quiz Stats

 Plays Quiz not verified by Sporcle

Also try: Sort the 'P' Teams
Challenge
Share
Tweet
Embed
Score 0/68 Timer 08:00
0 Plays Today
Year Driver % Correct
2014 (Silverstone)Lewis Hamilton
100%
2015 (Silverstone)Lewis Hamilton
100%
1988 (Silverstone)Ayrton Senna
98.9%
1993 (Donington Park) - 'European GP'Ayrton Senna
98.9%
1998 (Silverstone)Michael Schumacher
98.9%
2002 (Silverstone)Michael Schumacher
98.9%
2004 (Silverstone)Michael Schumacher
98.9%
2008 (Silverstone)Lewis Hamilton
98.3%
2009 (Silverstone)Sebastian Vettel
98.3%
1983 (Silverstone)Alain Prost
97.8%
1985 (Silverstone)Alain Prost
97.8%
1985 (Brands Hatch) - 'European GP'Nigel Mansell
97.8%
1986 (Brands Hatch)Nigel Mansell
97.8%
1987 (Silverstone)Nigel Mansell
97.8%
1989 (Silverstone)Alain Prost
97.8%
1991 (Silverstone)Nigel Mansell
97.8%
1990 (Silverstone)Alain Prost
97.8%
1993 (Silverstone)Alain Prost
97.8%
1992 (Silverstone)Nigel Mansell
97.8%
1994 (Silverstone)Damon Hill
97.8%
2006 (Silverstone)Fernando Alonso
97.8%
2011 (Silverstone)Fernando Alonso
97.8%
2012 (Silverstone)Mark Webber
97.2%
2010 (Silverstone)Mark Webber
97.2%
1976 (Brands Hatch)Niki Lauda
96.6%
1982 (Brands Hatch)Niki Lauda
96.6%
1984 (Brands Hatch)Niki Lauda
96.6%
2001 (Silverstone)Mika Häkkinen
96.6%
2003 (Silverstone)Rubens Barrichello
96.6%
1999 (Silverstone)David Coulthard
96.1%
2000 (Silverstone)David Coulthard
96.1%
2013 (Silverstone)Nico Rosberg
96.1%
1956 (Silverstone)Juan Manuel Fangio
95.5%
2007 (Silverstone)Kimi Räikkönen
95.5%
Year Driver % Correct
1996 (Silverstone)Jacques Villeneuve
93.9%
1997 (Silverstone)Jacques Villeneuve
93.9%
1969 (Silverstone)Jackie Stewart
92.7%
1971 (Silverstone)Jackie Stewart
92.7%
1977 (Silverstone)James Hunt
92.7%
1962 (Aintree)Jim Clark
91.1%
1963 (Silverstone)Jim Clark
91.1%
1964 (Brands Hatch)Jim Clark
91.1%
1965 (Silverstone)Jim Clark
91.1%
1967 (Silverstone)Jim Clark
91.1%
1980 (Brands Hatch)Alan Jones
90.5%
1972 (Brands Hatch)Emerson Fittipaldi
89.9%
1975 (Silverstone)Emerson Fittipaldi
89.9%
1955 (Aintree)Stirling Moss
89.4%
1957 (Aintree)Stirling Moss
89.4%
2005 (Silverstone)Juan Pablo Montoya
89.4%
1950 (Silverstone)Nino Farina
88.8%
1952 (Silverstone)Alberto Ascari
88.8%
1953 (Silverstone)Alberto Ascari
88.8%
1959 (Aintree)Jack Brabham
88.3%
1960 (Silverstone)Jack Brabham
88.3%
1966 (Brands Hatch)Jack Brabham
88.3%
1995 (Silverstone)Johnny Herbert
85.5%
1970 (Brands Hatch)Jochen Rindt
78.2%
1974 (Brands Hatch)Jody Scheckter
75.4%
1981 (Silverstone)John Watson
71.5%
1979 (Silverstone)Clay Regazzoni
69.3%
1978 (Brands Hatch)Carlos Reutemann
69.3%
1954 (Silverstone)José Froilán González
61.5%
1951 (Silverstone)José Froilán González
61.5%
1961 (Aintree)Wolfgang von Trips
60.3%
1958 (Silverstone)Peter Collins
57%
1973 (Silverstone)Peter Revson
50.8%
1968 (Brands Hatch)Jo Siffert
44.1%

You're not logged in!

Compare scores with friends on all Sporcle quizzes.
OR
Log In

You Might Also Like...

Show Comments

Extras

Top Quizzes Today


Score Distribution

Your Account Isn't Verified!

In order to create a playlist on Sporcle, you need to verify the email address you used during registration. Go to your Sporcle Settings to finish the process.

Report this User

Report this user for behavior that violates our Community Guidelines.

Details: